00479nam a2200109Ia 4500008004100000100002500041245016500066260003000231300001800261650002200279856006800301160712s9999 xx 000 0 und d adel Corro, Eiamin A. cEiamin A. del Corro, Marie Therese A.P. BustosaProfessional Readiness, Teachers' Attitude and Collaborative Practices of General and Special Education Teachers c2014bEducation Quarterly avol. 72 no. 2 xSPECIAL EDUCATION uhttp://journals.upd.edu.ph/index.php/edq/article/view/4471/4048